000
00303nam a22001337a 4500
003
SGT
082
_a
616.89
_b
H12L
100
_a
LABBATE, LAWRENCE A
245
_a
HB. OF PSYCHIATRIC DRUG THERAPY
260
_a
INDIA
_b
WOLTER KLUWER
_c
2012
300
_a
306
650
_a
PSYCHIATRY
942
_2
ddc
_c
BK
999
_c
14534
_d
14534